| 000 | 00744nam a2200241 a 4500 | ||
|---|---|---|---|
| 001 | 43270 | ||
| 003 | BD-RjUL | ||
| 005 | 20211209053656.0 | ||
| 008 | 160620s1947 nyu 001 0 eng | ||
| 035 | _a(BD-RjUL)43388 | ||
| 040 |
_aDLC _cOCP _dBD-RjUL _beng |
||
| 041 | _aeng | ||
| 082 |
_a382 _bTOI 1947 |
||
| 100 | 1 |
_aTowle, Lawrence William, _d1902- _9132914 |
|
| 245 | 1 | 0 |
_aInternational trade and commercial policy / _cby Lawrence W. Towle. |
| 260 |
_aNew York ; _aLondon : _bHarper & brothers, _cc1947 |
||
| 300 |
_axiii, 780 p. : _bill. ; _c22 cm. |
||
| 500 | _aIncludes index | ||
| 504 | _a"Suggested readings" at the end of most of the chapters. | ||
| 650 | 0 |
_aCommercial policy. _9131081 |
|
| 942 |
_2ddc _cBK |
||
| 999 |
_c43270 _d43270 |
||